000 00633nam a22002297a 4500
003 KOHA_MİRAKIL
005 20260324104659.0
008 260324b tu ||||| |||| 00| 0 tur d
020 _a9786057975492
040 _aTR-AnABB
_btur
_cTR-AnABB
041 _atur
082 _a813.42
_bSIN 2020
100 1 _aSinan, Nevzat
245 1 0 _aSalıncak /
_cNevzat Sinan
260 _aAnkara :
_bFavori Yayınları,
_c2020
300 _a447 sayfa ;
_c20 cm
500 _aYazar imzalı
650 0 4 _aTürk edebiyatı, roman
650 0 4 _aTürk edebiyatı, anı
900 _bCan ÇELIK
942 _2ddc
_cBK
999 _c9999
_d9999